[Event "Washington Class Championships"]
[Site "Lynnwood, WA"]
[Date "2013.12.01"]
[Round "6"]
[White "Tu Robin  (WA)"]
[Black "Yeo Joey  (WA)"]
[Result "1-0"]
[WhiteElo "1538"]
[BlackElo "1356"]
[Annotator ""]
[Source ""]
[Remark "C"]

1.e4 c5 2.Nc3 Nc6 3.f4 d6 4.Nf3 g6 5.Bb5 Bd7 6.d3 Bg7 7.O-O Nf6
8.Be3 Qb6 9.Rb1 Ng4 10.Bf2 Nxf2 11.Rxf2 O-O 12.Bc4 Bg4 13.Nd5
Qd8 14.c3 a6 15.h3 Bxf3 16.Qxf3 b5 17.Bb3 e6 18.Ne3 Qc7 19.f5
exf5 20.exf5 Ne5 21.Qd5 Qd8 22.fxg6 Nxg6 23.Rxf7 Rxf7 24.Qxf7+
Kh8 25.Nf5 Qf6 26.Nh6 Ne5 27.Qxf6 Bxf6 28.d4 cxd4 29.cxd4 Nc4
30.Bxc4 bxc4 31.Nf7+ Kg7 32.Nxd6 Bxd4+ 33.Kh1 Rf8 34.g4 Kg6 35.Nxc4
h5 36.Rd1 Rf4 37.gxh5+ Kxh5 38.Kg2 Kh4 39.Rf1 Bf2 40.Ne5 Bg3
41.Ng6+ Kg5 42.Nxf4 Bxf4 43.h4+ Kg4 44.Rxf4+ 1-0

[Event "Washington Class Championships"]
[Site "Lynnwood, WA"]
[Date "2013.12.01"]
[Round "6"]
[White "Allen Robert  (WA)"]
[Black "Wilson Diallo  (WA)"]
[Result "0-1"]
[WhiteElo "1721"]
[BlackElo "1730"]
[Annotator ""]
[Source ""]
[Remark "B"]

1.d4 d5 2.c4 e6 3.Nc3 Nf6 4.Bg5 c6 5.Nf3 Nbd7 6.e3 Be7 7.Bd3
dxc4 8.Bxc4 b5 9.Bd3 Bb7 10.O-O O-O 11.Rc1 a6 12.Qc2 h6 13.Bh4
c5 14.dxc5 Bxc5 15.Ne4 Be7 16.Rfd1 Nd5 17.Nd6 Bxh4 18.Nxb7 Qb6
19.Nc5 Nxc5 20.Qxc5 Qxc5 21.Rxc5 Bf6 22.b3 Rac8 23.Rdc1 Nc3 24.Rxc8
Rxc8 25.Kf1 Rd8 26.Bb1 b4 27.e4 Rd1+ 28.Rxd1 Nxd1 29.e5 Be7 30.Bd3
a5 31.Nd4 Bc5 32.Nc6 Nxf2 33.Bc4 Bb6 34.Nxa5 Bxa5 35.Kxf2 Bc7
36.h3 Bxe5 37.Ke3 Kf8 38.Ke4 Bd6 39.Kd4 Ke7 40.Bd3 f6 41.Bg6
f5 42.Bh5 Kf6 43.Bf3 g5 44.Bc6 Be7 45.Bf3 e5+ 46.Kd5 e4 47.Bh5
e3 48.Kd4 f4 49.Ke4 Bf8 50.Bg4 Kg6 51.Bf5+ Kh5 52.Bg4+ Kh4 53.Kf3
h5 54.Bf5 g4+ 55.hxg4 hxg4+ 56.Kxf4 Bh6+ 0-1

[Event "Washington Class Championships"]
[Site "Lynnwood, WA"]
[Date "2013.12.01"]
[Round "5"]
[White "Anthony Ralph  (WA)"]
[Black "Yeo Noah  (WA)"]
[Result "0-1"]
[WhiteElo "1743"]
[BlackElo "1635"]
[Annotator ""]
[Source ""]
[Remark "B"]

1.e4 e5 2.Nf3 Nc6 3.Bb5 Nge7 4.O-O g6 5.c3 Bg7 6.d4 exd4 7.cxd4
O-O 8.Nc3 d6 9.Bg5 h6 ( 9...f6 10.Be3 Kh8 11.Bxc6 Nxc6 12.d5
Ne5 13.Nxe5 fxe5 14.Qd2 Bd7 15.Bh6 Bxh6 16.Qxh6 {1/2-1/2, Sikora Jan (CZE) 2198 - Krys Jaromir (CZE) 2075, Czech Republic 1999}
) 10.Be3 Kh7 11.Qd2 a6 12.Bd3 f5 13.Rac1 Nb4 14.Bb1 Nbc6 15.a3
Bd7 16.b4 Be8 17.Ne2 Qd7 18.Nh4 fxe4 19.Bxe4 Qg4 20.Bxc6 Bxc6
21.g3 g5 22.f3 Qe6 23.Ng2 Bxf3 24.Rxc7 Bxg2 25.Kxg2 Nd5 26.Qd3+
Kh8 27.Rxf8+ Rxf8 28.Rxg7 Nxe3+ 29.Kg1 Rf1# 0-1

[Event "Washington Class Championships"]
[Site "Lynnwood, WA"]
[Date "2013.11.30"]
[Round "4"]
[White "Brusniak Benjamin  (WA)"]
[Black "Le Blanc Paul  (CAN)"]
[Result "1/2-1/2"]
[WhiteElo "1669"]
[BlackElo "1894"]
[Annotator ""]
[Source ""]
[Remark "A"]

1.d4 d5 2.c4 c6 3.Nc3 Nf6 4.Nf3 a6 5.Bg5 Ne4 6.Bh4 Qa5 7.Qa4
Qxa4 8.Nxa4 Nd7 9.cxd5 cxd5 10.e3 e6 11.a3 b5 12.Nc3 Nxc3 13.bxc3
Bd6 14.Be2 Nb6 15.Bg3 Bxg3 16.hxg3 Bd7 17.Ne5 Rc8 18.Rc1 O-O
19.Nd3 Na4 20.Kd2 Rc7 21.Bd1 Nb6 22.Bb3 Bc8 23.Ne5 Nd7 24.Nxd7
Bxd7 25.Bc2 g6 26.Bd3 Rfc8 27.f3 f5 28.f4 h5 1/2-1/2

[Event "Washington Class Championships"]
[Site "Lynnwood, WA"]
[Date "2013.11.30"]
[Round "4"]
[White "Sehgal Rahul  (WA)"]
[Black "Anthony Ralph  (WA)"]
[Result "1/2-1/2"]
[WhiteElo "1447"]
[BlackElo "1743"]
[Annotator ""]
[Source ""]
[Remark "B"]

1.e4 e5 2.Nf3 Nc6 3.Nc3 Bc5 4.Bb5 a6 5.Ba4 Nf6 6.Nxe5 Bxf2+ 7.Kxf2
Nxe5 8.d4 Nfg4+ 9.Kg1 Qf6 10.Qe2 Qb6 11.Qd1 Qf6 12.Qe2 Qb6 13.Qd1
Qf6 1/2-1/2

[Event "Washington Class Championships"]
[Site "Lynnwood, WA"]
[Date "2013.11.30"]
[Round "4"]
[White "Sullivan Brian  (CAN)"]
[Black "Whitmer Charles  (WA)"]
[Result "1-0"]
[WhiteElo "1599"]
[BlackElo "1645"]
[Annotator ""]
[Source ""]
[Remark "B"]

1.d4 Nf6 2.c4 g6 3.Nc3 Bg7 4.Nf3 O-O 5.e3 d6 6.Bd3 Bg4 7.h3 Bxf3
8.Qxf3 Nc6 9.O-O e5 10.d5 Nb4 11.Bb1 Kh8 ( 11...a5 12.Bd2 Na6
13.Bc2 Nc5 14.e4 Ne8 15.Rab1 Qh4 16.g4 Bh6 17.Bxh6 Qxh6 18.Qe3
Qxe3 19.fxe3 Kg7 20.b3 Nf6 21.Rf2 h5 22.Rbf1 Ncd7 23.Bd1 hxg4
24.Bxg4 Nxg4 25.hxg4 Nc5 26.Kg2 {1/2-1/2, Jacob Gunnar (GER) 2210 - Bellers Frank (GER) 2200, NRW (Germany) 2000}
) 12.e4 Ng8 13.a3 Na6 14.b4 Ne7 15.Ra2 f5 16.Ne2 f4 17.g3 g5
18.gxf4 gxf4 19.Qh5 Ng6 20.Kh2 Nh4 21.Nxf4 exf4 22.e5 h6 23.Rg1
Qe7 24.e6 Rg8 25.Kh1 Nf3 26.Bb2 Ne5 27.Bxe5 dxe5 28.Qg6 Bf6 29.Qxh6+ 1-0

[Event "Washington Class Championships"]
[Site "Lynnwood, WA"]
[Date "2013.11.30"]
[Round "2"]
[White "Smith Claire  (WA)"]
[Black "Bansal Amay  (WA)"]
[Result "1-0"]
[WhiteElo "205"]
[BlackElo "738"]
[Annotator ""]
[Source ""]
[Remark "U 1000"]

1.d4 d5 2.Bf4 Nc6 3.e3 Nf6 4.Nf3 Bf5 5.c4 e6 6.c5 b6 7.Bb5 Rb8
8.Bxc6+ Nd7 9.Ne5 bxc5 10.Qa4 Bd6 11.Bxd7+ Ke7 12.Nc6+ Kf8 13.Nxd8
Rxd8 14.Bxd6+ cxd6 15.Qxa7 cxd4 16.Bc6 d3 17.Qc7 Re8 18.Bxe8
Kxe8 19.Kd2 Rf8 20.Rc1 e5 21.Qb7 e4 22.Rc7 f6 23.Qb8+ Bc8 24.Qxc8# 1-0

[Event "Washington Class Championships"]
[Site "Lynnwood, WA"]
[Date "2013.11.29"]
[Round "2"]
[White "Mathews Dan  (WA)"]
[Black "Cherepakhin Olga  (WA)"]
[Result "0-1"]
[WhiteElo "1752"]
[BlackElo "1679"]
[Annotator ""]
[Source ""]
[Remark "B"]

1.e4 e5 2.Nf3 Nc6 3.d4 exd4 4.Nxd4 Qh4 5.Nxc6 Qxe4+ 6.Be2 Qxc6
7.O-O Nf6 8.Bf3 d5 9.Bg5 Be6 10.Nd2 Be7 11.Nb3 h6 12.Nd4 Qb6
13.Nxe6 fxe6 14.Bxf6 Bxf6 15.Bh5+ Ke7 16.Kh1 Rab8 17.Rb1 Rhf8
18.f4 Qd4 19.Qg4 Qb6 20.c3 Rbd8 21.Rfe1 Rd6 22.Qg6 Kd7 23.g4
Qc6 24.Kg1 Qc5+ 25.Kg2 d4 26.cxd4 Rxd4 27.Rbd1 Qd5+ 28.Kh3 Qf3# 0-1

[Event "Washington Class Championships"]
[Site "Lynnwood, WA"]
[Date "2013.11.29"]
[Round "2"]
[White "Doknjas Neil  (CAN)"]
[Black "Haining Breck  (WA)"]
[Result "1-0"]
[WhiteElo "1265"]
[BlackElo "1414"]
[Annotator ""]
[Source ""]
[Remark "D"]

1.e4 g6 2.d4 Bg7 3.Nc3 d6 4.Nf3 Bd7 5.Be3 Nf6 6.Qd2 Bc6 7.Bd3
b6 8.Bh6 O-O 9.Bxg7 Kxg7 10.h3 Nbd7 11.g4 e5 12.d5 Bb7 13.Rg1
Nc5 14.h4 Nxd3+ 15.cxd3 Qd7 16.Nh2 c6 17.dxc6 Bxc6 18.h5 d5 19.Qg5
h6 20.Qxe5 dxe4 21.g5 hxg5 22.h6+ Kxh6 23.Qxf6 Qe6 24.Ng4+ Kh5
25.Ne3 exd3 26.Qxg5# 1-0

[Event "Washington Class Championships"]
[Site "Lynnwood, WA"]
[Date "2013.11.29"]
[Round "2"]
[White "Truluck Maxwell  (WA)"]
[Black "Smith Andrew  (WA)"]
[Result "1-0"]
[WhiteElo "1294"]
[BlackElo "1161"]
[Annotator ""]
[Source ""]
[Remark "D"]

1.e4 c5 2.Nf3 g6 3.d4 cxd4 4.Qxd4 Nf6 5.e5 Nc6 6.Qa4 Nd5 7.Qe4
e6 8.Bg5 Be7 9.Bh6 d6 10.Nbd2 Qc7 11.O-O-O dxe5 12.Bb5 f6 13.c4
Nb6 14.Nxe5 fxe5 15.Bg7 Rg8 16.Bxe5 Bd6 17.Nf3 Bxe5 18.Nxe5 Bd7
19.Nxd7 Nxd7 20.Qxe6+ Kf8 21.Rxd7 Qf4+ 22.Kd1 Nd4 23.Qe7# 1-0

[Event "Washington Class Championships"]
[Site "Lynnwood, WA"]
[Date "2013.11.29"]
[Round "1"]
[White "Buntaran Alexius  (WA)"]
[Black "Popescu Alexander  (WA)"]
[Result "1-0"]
[WhiteElo "1023"]
[BlackElo "824"]
[Annotator ""]
[Source ""]
[Remark "E"]

1.e4 e5 2.Nf3 Nc6 3.Nc3 d6 4.Bb5 Bd7 5.d3 g6 6.h3 Bg7 7.Bc4 Nf6
8.O-O h6 9.Be3 O-O 10.Qd2 Kh7 11.Nd5 Nxd5 12.Bxd5 Qe7 13.Rfe1
a6 14.Rf1 Be6 15.Bxe6 Qxe6 16.Nh2 Ne7 17.Kh1 c6 18.f4 f5 19.fxe5
Qxe5 20.Rab1 fxe4 21.dxe4 Rxf1+ 22.Rxf1 Qxb2 23.Rf7 Ng8 24.Ng4
g5 25.Bd4 Qb1+ 26.Kh2 Kh8 27.Rxg7 1-0

[Event "Washington Class Championships"]
[Site "Lynnwood, WA"]
[Date "2013.11.29"]
[Round "1"]
[White "Vaintroub Maximilian  (WA)"]
[Black "Brusniak Benjamin  (WA)"]
[Result "0-1"]
[WhiteElo "1844"]
[BlackElo "1669"]
[Annotator ""]
[Source ""]
[Remark "A"]

1.e4 e6 2.d4 d5 3.Nc3 Nf6 4.Bg5 Be7 5.e5 Nfd7 6.Bxe7 Qxe7 7.f4
a6 8.Nf3 c5 9.dxc5 Nxc5 10.f5 Nc6 11.fxe6 fxe6 12.g3 O-O 13.Bg2
Qc7 14.O-O Nxe5 15.Nxe5 Rxf1+ 16.Qxf1 Qxe5 17.Qf2 Nd7 18.Re1
Qf6 19.Rxe6 Qxf2+ 20.Kxf2 d4 21.Bd5 {?} ( 21.Nd5 ) Kf8 22.Ne2
Nf6 23.Re5 {??} Ng4+ 24.Kf3 Nxe5+ 25.Ke4 Nc6 26.Nf4 Bd7 0-1

[Event "Washington Class Championships"]
[Site "Lynnwood, WA"]
[Date "2013.11.29"]
[Round "1"]
[White "Smith Andrew  (WA)"]
[Black "Doknjas Neil  (CAN)"]
[Result "0-1"]
[WhiteElo "1161"]
[BlackElo "1265"]
[Annotator ""]
[Source ""]
[Remark "D"]

1.e4 e5 2.Nf3 Nf6 3.Nxe5 d6 4.Nf3 Nxe4 5.d3 Nf6 6.h3 Be7 7.Nc3
Be6 ( 7...O-O 8.d4 Re8 9.Bd3 Bf8+ 10.Be3 Nc6 11.O-O Nb4 12.Bc4
d5 13.Bb3 c6 14.a3 Na6 15.Ne5 Nc7 16.Re1 Nd7 17.Bf4 Nxe5 18.dxe5
Ne6 19.Bh2 Qh4 20.Ne2 Bc5 21.Bg3 Qh6 22.c4 dxc4 23.Bxc4 Bb6 24.Qb3
Qg6 25.Rad1 Ba5 26.Rf1 b5 27.Bd3 Qh6 28.Qc2 Ng5 29.h4 Nf3+ 30.gxf3
Bh3 31.Bf5 Bxf1 32.Kxf1 Rad8 33.Rd7 Rxd7 34.Bxd7 Rd8 35.Bg4 Qd2
36.Qxd2 Rxd2 37.e6 fxe6 38.Bxe6+ Kf8 39.b4 Bd8 40.Bf5 Be7 41.Bxh7
c5 42.Ke1 Rb2 43.Be5 Rb3 44.bxc5 Bxc5 45.Nd4 Bxd4 46.Bxd4 Kf7
47.h5 Rxa3 48.Be4 Ra4 49.Bb2 b4 50.f4 Ra5 51.f5 Rc5 52.Bd4 Rc7
53.Bd5+ Kf8 54.Be5 Re7 55.Be6 Rb7 56.Kd2 b3 57.Kc1 a5 58.Kb2
a4 59.Bd6+ Ke8 60.Be5 Kf8 61.Ka3 Rb6 62.Bd4 Rb5 63.Bb2 Rc5 64.Kxa4
Rc2 65.Kxb3 Rxf2 66.Be5 Rf3+ 67.Kc4 Rh3 68.Kd5 Rxh5 69.Kd6 Rh7
70.Bd4 Rh1 71.Bd5 Rd1 72.Bc5 Ke8 73.Ke5 Rf1 74.Bb4 Rb1 75.Bd6
Rf1 76.Bb3 Rb1 77.Bd5 Re1+ 78.Be4 Kf7 79.Bb4 Re2 80.Kf4 Rxe4+
81.Kxe4 g6 {1/2-1/2, Orel Oskar (SLO) 2271 - Basagic Zlatko (SLO) 2338, Skofja Loka (Slovenia) 2000}
) 8.b3 O-O 9.Bb2 Nd5 10.Nxd5 Bxd5 11.c4 Bc6 12.d4 d5 13.Ne5 Bb4+
14.Ke2 Re8 15.Kd3 dxc4+ 16.Nxc4 Be4+ 17.Ke3 Qg5+ 18.f4 Qg3+ 19.Ke2
Bd3# 0-1

[Event "Washington Class Championships"]
[Site "Lynnwood, WA"]
[Date "2013.12.01"]
[Round "5"]
[White "He Samuel  (WA)"]
[Black "Feng Roland  (WA)"]
[Result "0-1"]
[WhiteElo "2088"]
[BlackElo "2278"]
[Annotator ""]
[Source ""]
[Remark "Master"]

1.d4 Nf6 2.Bg5 c5 3.Nc3 Qa5 4.Bxf6 exf6 5.e3 Nc6 ( 5...Be7 6.Nf3
O-O 7.Bd3 d5 8.dxc5 Be6 9.O-O Qxc5 10.Be2 Nc6 11.Nb5 Rac8 12.Nbd4
f5 13.Nxc6 Qxc6 14.Bd3 Bf6 15.c3 Qd6 16.Qc2 g6 17.Rad1 f4 18.e4
dxe4 19.Bxe4 Qb6 20.Qb1 Rfe8 21.Bd5 Bf5 22.Qc1 Re2 23.Bb3 Kg7
24.Rd2 Rce8 25.Nd4 Bxd4 26.Rxd4 f3 27.Rb4 Qc5 28.Rc4 Qe7 29.h3
fxg2 30.Kxg2 Be4+ 31.Kg1 Qh4 32.Kh2 Rxf2+ {0-1, Toth Gergye Geza (HUN) 2228 - Nagy Andras (HUN) 2266, Hungary 1994}
) 6.d5 Nb8 7.Qf3 d6 8.O-O-O a6 9.Qg3 b5 10.Kb1 Nd7 11.Ne4 Qc7
12.Ne2 f5 13.Nd2 Nf6 14.e4 Nxe4 15.Nxe4 fxe4 16.Qf4 Be7 17.Qxe4
O-O 18.Ng3 c4 19.h4 Re8 20.Be2 Bd7 21.Qf3 Bf8 22.Rd4 Re5 23.Rf4
f6 24.h5 h6 25.Qc3 Rae8 26.Bf3 Qb6 27.Qd2 f5 28.Rd4 Be7 29.Bd1
Bf6 30.Rf4 Bg5 31.Qd4 Qxd4 32.Rxd4 f4 33.Nf1 Re1 34.f3 Bf6 35.Rd2
c3 36.bxc3 Bxc3 37.Rd3 b4 38.g4 Bb5 39.Re3 Rxd1# 0-1

[Event "Washington Class Championships"]
[Site "Lynnwood, WA"]
[Date "2013.12.01"]
[Round "5"]
[White "Yu Justin  (WA)"]
[Black "Smith Micah  (WA)"]
[Result "0-1"]
[WhiteElo "1852"]
[BlackElo "2011"]
[Annotator ""]
[Source ""]
[Remark "A"]

1.e4 e5 2.Nf3 Nc6 3.Bb5 a6 4.Ba4 Nf6 5.Qe2 b5 6.Bb3 Be7 7.c3
d5 8.d3 O-O 9.O-O Bb7 10.Rd1 Re8 11.Nbd2 Bf8 12.Nf1 g6 13.Bg5
( 13.Bg5 Bg7 14.Bxd5 Qd7 15.Ne3 {1-0, Auer Martin (GER) 2340 - Beckers Thomas (GER) 2054, Cologne (Germany) 1992}
) d4 14.h3 Qd6 15.g4 Bg7 16.Nh4 Na5 17.Bc2 c5 18.Ng3 Nc6 19.Qd2
dxc3 20.bxc3 b4 21.Bh6 Qf8 22.g5 Bxh6 23.gxh6 Kh8 24.Qg5 Re6
25.Bb3 Rd6 26.f4 Re8 27.Nhf5 gxf5 28.Nxf5 Rde6 29.Ng7 R8e7 30.Nf5
Rd7 31.Kh2 {?} Ne8 32.Bxe6 fxe6 33.Nh4 Qxf4+ 34.Qxf4 exf4 35.Rf1
e5 36.Rf2 Rxd3 37.Rg1 Rg3 38.Rxg3 fxg3+ 39.Kxg3 Kg8 40.cxb4 cxb4
41.Nf5 Bc8 42.Kg4 Nf6+ 43.Kh4 Nxe4 44.Rc2 Bxf5 45.Rxc6 a5 46.Ra6
Kf7 47.Rxa5 Nc3 48.Rxe5 Bb1 49.Kg5 Bxa2 50.Ra5 Bb1 51.Ra7+ Ke6
52.Rb7 Nd5 53.Rb8 Bc2 54.Re8+ Kd7 55.Rb8 b3 56.Rb5 Kc6 57.Rb8
Nb6 58.Re8 b2 59.Re6+ Kc5 60.Re1 Na4 0-1

[Event "Washington Class Championships"]
[Site "Lynnwood, WA"]
[Date "2013.12.01"]
[Round "5"]
[White "Whitmer Catherine  (WA)"]
[Black "Herbst Augustus  (WA)"]
[Result "0-1"]
[WhiteElo "734"]
[BlackElo "874"]
[Annotator ""]
[Source ""]
[Remark "E"]

1.e4 e5 2.Nf3 Nc6 3.Nc3 Bc5 4.Nxe5 Nxe5 5.d4 Bd6 6.dxe5 Bxe5
7.Bc4 Nf6 8.Bg5 Bxc3+ 9.bxc3 Qe7 10.O-O d6 11.Re1 h6 12.Bxf6
Qxf6 13.Qd5 O-O 14.e5 Qe6 15.Qxe6 fxe6 16.exd6 cxd6 17.Bxe6+
Bxe6 18.Rxe6 d5 19.Re7 b6 20.Rd7 Rfc8 21.Rxd5 Rxc3 22.Rd2 Rac8
23.Rc1 Ra3 24.Ra1 b5 25.h3 a5 26.g4 a4 27.Rd3 Rcc3 28.Rd8+ Kh7
29.Rd2 Rxh3 30.f4 Rhg3+ 31.Rg2 Rxg2+ 32.Kxg2 Rc3 33.Rc1 b4 34.Kf1
b3 35.axb3 axb3 36.Ke1 b2 37.Rb1 Rxc2 38.Kd1 Rc4 39.Rxb2 Rxf4
40.Rg2 Kg6 41.Ke2 Kg5 42.Ke3 Rxg4 43.Rxg4+ Kxg4 44.Kf2 Kf4 45.Kg2
g5 46.Kh3 g4+ 47.Kh2 h5 48.Kh1 h4 49.Kh2 g3+ 50.Kh1 h3 51.Kg1
Kf3 52.Kh1 g2+ 53.Kg1 h2+ 54.Kxh2 Kf2 55.Kh3 g1Q 56.Kh4 Kf3 57.Kh5
Kf4 58.Kh6 Kf5 59.Kh7 Kf6 60.Kh8 Qg7# 0-1

[Event "Washington Class Championships"]
[Site "Lynnwood, WA"]
[Date "2013.12.01"]
[Round "5"]
[White "Buntaran Alexius  (WA)"]
[Black "Lawler Aidan  (WA)"]
[Result "1-0"]
[WhiteElo "1023"]
[BlackElo "946"]
[Annotator ""]
[Source ""]
[Remark "E"]

1.e4 e5 2.Nf3 Nc6 3.Nc3 Nf6 4.Bb5 a6 5.Bxc6 dxc6 6.d3 Bg4 7.h3
Bh5 8.O-O Bc5 9.Be3 Bd6 10.Qd2 O-O 11.Bg5 h6 12.Bh4 Be7 13.Qe3
Bxf3 14.Qxf3 Qd6 15.Bg3 Qd4 16.Qe3 Bc5 17.Qxd4 Bxd4 18.Rab1 Rab8
19.Ne2 Bb6 20.Bxe5 Nd7 21.Bc3 Rfe8 22.a4 f5 23.Ng3 fxe4 24.Nxe4
Nc5 25.Nxc5 Bxc5 26.b4 Bd6 27.a5 c5 28.bxc5 Bxc5 29.Bb4 Bxb4
30.Rxb4 Re2 31.Rc1 b6 32.Kf1 Ree8 33.Rcb1 b5 34.d4 Re7 35.c4
c6 36.cxb5 cxb5 37.Rc1 Rf8 38.Rc6 Rfe8 39.Rc1 Re4 40.g3 Rd8 41.Rd1
Kf7 42.f3 Re6 43.Re1 Rde8 44.Rxe6 Rxe6 45.Kf2 Rc6 46.Ke3 Rc4
47.Rxc4 bxc4 48.d5 Ke7 49.Kd4 Kd6 50.Kxc4 g5 51.g4 Kd7 52.Kc5
Kc7 53.d6+ Kd7 54.Kd5 1-0

[Event "Washington Class Championships"]
[Site "Lynnwood, WA"]
[Date "2013.12.01"]
[Round "5"]
[White "Dhingra Sangeeta  (WA)"]
[Black "Mitchell Mika  (WA)"]
[Result "1/2-1/2"]
[WhiteElo "1838"]
[BlackElo "1820"]
[Annotator ""]
[Source ""]
[Remark "A"]

1.e4 d5 2.exd5 Nf6 3.Nc3 Nxd5 4.Bc4 c6 5.Qf3 Be6 6.Nge2 Nc7 7.Bxe6
Nxe6 8.d3 Nd4 9.Nxd4 ( 9.Nxd4 Qxd4 10.O-O e6 11.Be3 Qd7 12.Qg3
f6 13.f4 Bb4 14.Ne4 O-O 15.a3 Be7 16.Rae1 Na6 17.Re2 c5 18.Rfe1
b6 19.Nf2 f5 20.Bd2 Nc7 21.Bc3 Bf6 22.Be5 Rae8 23.Qf3 Nd5 24.Rd1
Bxe5 25.Rxe5 Ne7 26.Rde1 Nc6 27.R5e3 Rf7 28.c3 Qd6 29.Nh3 h6
30.Qh5 e5 31.Rg3 Ref8 32.Rg6 Rf6 33.Rxf6 Qxf6 34.fxe5 Nxe5 35.Nf4
g5 36.Nd5 Qe6 37.Rxe5 Qxe5 38.Qg6+ Qg7 39.Ne7+ Kh8 40.Qe6 Rf6
41.Qc8+ Kh7 42.Nd5 Rf8 43.Qe6 Qg6 44.Qe5 Rf7 45.h3 f4 46.Qe4
Qxe4 47.dxe4 c4 48.Kf2 Kg6 49.Kf3 Rd7 50.h4 Rxd5 51.exd5 Kf5
52.hxg5 hxg5 53.g4+ Ke5 54.d6 Kxd6 55.Ke4 Kc5 56.a4 a6 {0-1, Podgorny Jiri (CZE) - Sajtar Jaroslav (CZE), Karlovy Vary/Marianske Lazne (Czech Republic) 1948}
) Qxd4 10.Be3 Qb4 11.Rb1 Nd7 12.O-O e6 13.Qe2 Nf6 14.f4 Bc5 15.Bxc5
Qxc5+ 16.Kh1 O-O-O 17.Na4 Qa5 18.Nc3 Qh5 19.Rf3 Nd5 20.Qf2 b6
21.Na4 Nf6 22.Rh3 Qb5 23.Nc3 Qf5 24.Qf3 Nd5 25.Rh5 Qxf4 26.Rxd5
Qxf3 27.Rxd8+ Rxd8 28.gxf3 Kc7 29.Ne4 h6 30.Rg1 g6 31.Ng3 c5
32.Re1 Kc6 33.Re4 b5 34.Kg2 a6 35.Re5 Rd4 36.Ne4 c4 37.dxc4 Rxc4
38.c3 Kb6 39.Nd2 Rc6 40.Kg3 f6 41.Re2 Kc7 42.Ne4 e5 43.Nf2 Kd7
44.f4 exf4+ 45.Kxf4 Rc5 46.Ng4 Rf5+ 47.Kg3 h5 48.Ne3 Re5 49.Kf3
g5 50.Nc2 Rf5+ 51.Kg2 Rf4 52.h3 f5 53.Rf2 Rxf2+ 54.Kxf2 Ke6 55.Nd4+
Kf6 56.Nc6 g4 57.hxg4 hxg4 58.Nd4 f4 59.Nb3 Ke5 60.Nc5 a5 1/2-1/2

[Event "Washington Class Championships"]
[Site "Lynnwood, WA"]
[Date "2013.12.01"]
[Round "5"]
[White "Kelley Dereque  (WA)"]
[Black "Collyer Curt  (WA)"]
[Result "0-1"]
[WhiteElo "2219"]
[BlackElo "2295"]
[Annotator ""]
[Source ""]
[Remark "Master"]

1.d4 e6 2.c4 f5 3.g3 Nf6 4.Bg2 Bb4+ 5.Nd2 a5 6.Ngf3 b6 7.Ne5
Ra7 8.O-O O-O 9.Ndf3 Bb7 10.c5 d6 11.cxb6 cxb6 12.Nd3 d5 13.Nxb4
axb4 14.Bd2 Nc6 15.Ne5 Qa8 16.Nxc6 Bxc6 17.Bxb4 Rc8 18.a3 Bb5
19.Qd2 Rac7 20.Rfc1 Qa4 21.Rxc7 Rxc7 22.Qf4 Rc6 23.Re1 h6 24.h3
Qc2 25.Bf3 Qxb2 26.g4 Ne4 27.Qe5 Qb3 28.gxf5 exf5 29.Qxf5 Rf6
30.Qh5 Bd7 31.h4 Kh7 32.Bxe4+ dxe4 33.e3 Qe6 34.Bd6 Qxd6 35.Qe5
Rg6+ 36.Kh2 Qf8 37.Qf4 Qxf4+ 38.exf4 Bc6 39.Kh3 h5 40.Rb1 Bd7+
41.Kh2 b5 0-1

[Event "Washington Class Championships"]
[Site "Lynnwood, WA"]
[Date "2013.12.01"]
[Round "5"]
[White "Kalina Chris  (MN)"]
[Black "Lapid Shafriri Gil  (WA)"]
[Result "1/2-1/2"]
[WhiteElo "2131"]
[BlackElo "2201"]
[Annotator ""]
[Source ""]
[Remark "Master"]

1.d4 d5 2.c4 e6 3.Nc3 c5 4.Nf3 Nc6 5.cxd5 exd5 6.e3 Nf6 7.h3
c4 8.Bd2 Bb4 9.a4 O-O 10.Be2 Bf5 11.O-O Na5 12.Na2 Bd6 13.Bxa5
Qxa5 14.Nc3 Rfe8 15.Nb5 Bb4 16.b3 a6 17.Na3 Bxa3 18.Rxa3 Qb4
19.Qc1 b5 20.Qb2 Rec8 21.axb5 axb5 22.Rfa1 Rxa3 23.Qxa3 Qxb3
24.Qe7 b4 25.Ra7 Rf8 26.Ng5 Bg6 27.Bg4 Nxg4 28.hxg4 Qd1+ 29.Kh2
Qxg4 30.Rd7 Qh5+ 31.Kg1 Qd1+ 32.Kh2 Qh5+ 33.Kg1 Qd1+ 1/2-1/2

[Event "Washington Class Championships"]
[Site "Lynnwood, WA"]
[Date "2013.12.01"]
[Round "5"]
[White "Bragg David  (WA)"]
[Black "Roper David  (WA)"]
[Result "1/2-1/2"]
[WhiteElo "2200"]
[BlackElo "2228"]
[Annotator ""]
[Source ""]
[Remark "Master"]

1.e4 c5 2.Nf3 e6 3.d4 cxd4 4.Nxd4 a6 5.Be3 Nf6 6.Bd3 Qc7 7.O-O
b5 8.a4 b4 9.c4 d6 10.a5 Nbd7 11.Nd2 Nc5 12.Bc2 Rb8 13.Ba4+ Bd7
14.Bxd7+ Nfxd7 15.f3 Be7 16.Qc2 O-O 17.f4 Qb7 18.N4b3 Nxb3 19.Qxb3
Rfd8 20.g4 Nc5 21.Bxc5 dxc5 22.Nf3 Qxe4 23.Rae1 Qxf4 24.Ne5 Qd4+
25.Kh1 Rbc8 26.Qf3 Bf6 27.Re4 Qxb2 28.g5 Bxe5 29.Qxf7+ Kh8 30.Rh4
h6 31.Qxe6 Rc7 32.Rxh6+ gxh6 33.Qxh6+ Kg8 34.Qe6+ Kg7 35.Qh6+ 1/2-1/2

[Event "Washington Class Championships"]
[Site "Lynnwood, WA"]
[Date "2013.12.01"]
[Round "5"]
[White "Haining Breck  (WA)"]
[Black "Gulamali Freya  (WA)"]
[Result "0-1"]
[WhiteElo "1414"]
[BlackElo "1280"]
[Annotator ""]
[Source ""]
[Remark "D"]

1.e4 e5 2.Nf3 Nc6 3.d4 exd4 4.Nxd4 Nxd4 5.Qxd4 d6 6.Be2 Nf6 7.Nc3
Be7 8.Bg5 Bd7 9.O-O-O O-O 10.e5 dxe5 11.Qxe5 Re8 12.Qd4 Bc6 13.f3
Qc8 14.Qf2 h6 15.Be3 Bb4 16.Bd4 Bxc3 17.Bxc3 Qe6 18.Bxf6 Qxf6
19.Qd4 {?} Qxd4 20.Rxd4 Rxe2 21.Rd2 Rae8 22.Kd1 Rxd2+ 23.Kxd2
Rd8+ 24.Ke3 Bb5 25.Rc1 Re8+ 26.Kf2 Re2+ 27.Kg3 Re6 28.c4 Be8
29.Rc2 Rc6 30.b3 f6 31.Rd2 Rd6 32.Re2 Kf8 33.h4 Bf7 34.f4 a5
35.c5 Rc6 36.Rc2 Bd5 37.b4 axb4 38.Rb2 Rxc5 39.Rxb4 Ra5 40.Rd4
c6 41.a4 Rc5 42.Rb4 Rc3+ 43.Kf2 Rb3 44.Rd4 Rb2+ 45.Ke3 Rxg2 46.Rb4
Rg3+ 47.Kd4 Rb3 48.Rxb3 Bxb3 49.a5 Ba4 50.Kc5 Bb5 51.Kd6 Ba6
52.f5 Kf7 53.h5 Kf8 54.Kc5 Ke7 55.Kd4 Kd6 56.Kc3 Kd5 0-1

[Event "Washington Class Championships"]
[Site "Lynnwood, WA"]
[Date "2013.12.01"]
[Round "5"]
[White "Le Blanc Paul  (CAN)"]
[Black "Vaintroub Maximilian  (WA)"]
[Result "1-0"]
[WhiteElo "1894"]
[BlackElo "1844"]
[Annotator ""]
[Source ""]
[Remark "A"]

1.d4 Nf6 2.c4 e6 3.g3 Bb4+ 4.Bd2 Bxd2+ 5.Qxd2 O-O 6.Bg2 d5 7.cxd5
exd5 8.Nc3 b6 9.Nf3 Bb7 10.O-O c5 11.Rac1 ( 11.dxc5 bxc5 12.Rfd1
d4 13.e3 Qa5 14.exd4 Rd8 15.Ne4 Qb6 16.dxc5 Rxd2 17.cxb6 Rxd1+
18.Rxd1 Nc6 19.Nc5 {1-0, Bonnmann Reinhard (GER) 2289 - Zilbermann Rodion 1871, Longerich (Germany) 2003}
) Ne4 12.Qc2 Nxc3 13.Qxc3 c4 14.b3 b5 15.Rb1 Qc7 16.Nd2 a5 17.bxc4
dxc4 18.Bxb7 Qxb7 19.Qxc4 bxc4 20.Rxb7 Nc6 21.e3 c3 22.Ne4 c2
23.Rc1 Nb4 24.a3 Nd3 25.Rxc2 Rac8 26.Nc5 Nxc5 27.Rxc5 Rxc5 28.dxc5
Rc8 29.Rb5 a4 30.Kf1 Kf8 31.Ke2 Rd8 32.Rb4 Rc8 33.Rc4 Ke7 34.Kd3
Rd8+ 35.Rd4 Rc8 36.Kc4 Rb8 37.Kd5 Rb2 38.Rxa4 Rxf2 39.c6 Rxh2
40.Ra7+ Kd8 41.Rxf7 Rh5+ 42.Kd6 Rh6+ 43.Kc5 Rg6 44.Kb6 h5 45.Kb7 1-0

[Event "Washington Class Championships"]
[Site "Lynnwood, WA"]
[Date "2013.12.01"]
[Round "5"]
[White "Wilson Diallo  (WA)"]
[Black "Thomas Arjun  (WA)"]
[Result "1/2-1/2"]
[WhiteElo "1730"]
[BlackElo "1611"]
[Annotator ""]
[Source ""]
[Remark "B"]

1.e4 e6 2.d4 d5 3.exd5 exd5 4.Bd3 Nf6 5.Nf3 Bd6 6.Qe2+ Be7 7.Ne5
O-O 8.O-O c6 9.c3 Nbd7 10.f4 c5 11.Nd2 Bd6 12.Qf2 cxd4 13.cxd4
Qb6 14.h3 Ne8 15.Ndf3 Ndf6 16.Re1 Bd7 17.g4 Bb5 18.Bc2 Rc8 19.g5
Nd7 20.Bf5 Rd8 21.h4 g6 22.Bh3 Nc7 23.Ng4 Rde8 24.Nfe5 Nxe5 25.fxe5
Be7 26.Nf6+ Bxf6 27.gxf6 Kh8 28.Bh6 Rg8 29.Bg7+ Rxg7 30.fxg7+
Kxg7 31.Rf1 Bxf1 32.Rxf1 Rf8 33.Qf6+ Qxf6 34.exf6+ Kh6 35.Re1
Nb5 36.Re7 b6 37.Bg2 g5 38.Bxd5 gxh4 39.Re4 Kg5 40.Bxf7 1/2-1/2